000 00706cab a2200229 4500
001 WB2533-21
008 090401t1989 xxu||||| |||| 00| 0 eng d
035 _a(Sirsi) u23928
041 _aeng
245 _aStaying the course
260 _c1989
350 _a0
490 _aFinancial Times
_v21/8/89 p30(2)
520 _aInterview with Sydney Mason, chairman of Hammerson , who explains how the company has survived the vagaries of the market to become one of the UK`s largest property companies .
650 _aACQUISITIONS
650 _aBRENT CROSS SHOPPING CENTRE
650 _aRODAMCO
650 _aTAKEOVERS
690 _aPROPERTY LAW AND PRACTICE
942 _n0
948 _c04/03/1997
999 _c16020
_d16020